000 00676nam a2200229Ia 4500
003 OSt
005 20220925235324.0
006 a|||||r|||| 00| 0
007 ta
008 220923b |||||||| |||| 00| 0 eng d
037 _cGeneral Book
040 _aRTL
_cRTL
_beng
041 _2eng
_aeng
082 _aX7297, M4
100 _aNimbur Basawaraj N
_9301202
245 0 _aIntorduction to value added tax
_b Feasibility, pro
260 _a New Delhi
_bCriterion Publications India
_c1984
300 _a331p. Bib p 315-26
_ccm.
650 _aIndirect Tax
_9232857
942 _hX7297, M4
_cGB
_2CC
999 _c597139
_d597139